[Event "AUTO-OPEN-1044"]
[Site "http://www.queenalice.com/game.php?id=366118"]
[Date "2008.3.5"]
[Round "1"]
[White "prlc"]
[Black "gomonkey"]
[Result "1-0"]
[WhiteElo "1500"]
[BlackElo "1233"]

1. e4 e6 2. d4 d5 3. Nc3 b6 4. Bd3 Nc6 5. Nf3 Nf6 6. e5 Nh5 7. Bb5 Bd7 8. Ng5 h6
9. Qxh5 g6 10. Qh4 Rg8 11. Nf3 g5 12. Qg4 f5 13. Qh5+ Ke7 14. Nxg5 Rxg5 15.
Bxg5+ hxg5 16. Qxg5+ Ke8 17. Qxd8+ Rxd8 18. Bxc6 Bxc6 19. O-O-O Bb4 20. Rd3 a6
21. Rg3 Bxc3 22. Rxc3 Kd7 23. h4 b5 24. h5 b4 25. Rg3 Kc8 26. h6 Kb7 27. h7 Rh8
28. Rg8 Rxh7 29. Rxh7 a5 30. Rgg7 Kb6 31. Rxc7 Bb5 32. Rce7 Bc4 33. Rxe6+ Kb5
34. Rb7+ Ka4 35. b3+ Ka3 36. bxc4 dxc4 37. Ra6 a4 38. Rba7 Kxa2 39. Rxa4# 1-0

[Event "AUTO-OPEN-1044"]
[Site "http://www.queenalice.com/game.php?id=366147"]
[Date "2008.3.5"]
[Round "1"]
[White "prlc"]
[Black "elpiada"]
[Result "1-0"]
[WhiteElo "1628"]
[BlackElo "1424"]

1. e4 e5 2. Nf3 Nc6 3. Bc4 d6 4. h3 Nf6 5. Nc3 a6 6. a3 b5 7. Ba2 Nd4 8. O-O g6
9. Ng5 Bg7 10. Nxf7 Qe7 11. Nxh8 Bxh8 12. d3 Bb7 13. Ne2 O-O-O 14. Bg5 Rf8 15.
Nxd4 1-0

[Event "AUTO-OPEN-1044"]
[Site "http://www.queenalice.com/game.php?id=366148"]
[Date "2008.3.5"]
[Round "1"]
[White "elpiada"]
[Black "prlc"]
[Result "0-1"]
[WhiteElo "1424"]
[BlackElo "1611"]

1. d4 g6 2. Nc3 Bg7 3. e4 d6 4. Nf3 Nf6 5. Be3 O-O 6. Bc4 Bg4 7. h3 Bxf3 8. Qxf3
Nc6 9. g3 e5 10. dxe5 Nxe5 11. Qe2 Re8 12. f4 Nxc4 13. Qxc4 d5 14. Qa4 dxe4 0-1

[Event "AUTO-OPEN-1044"]
[Site "http://www.queenalice.com/game.php?id=366149"]
[Date "2008.3.5"]
[Round "1"]
[White "prlc"]
[Black "LeopoldStotch"]
[Result "1-0"]
[WhiteElo "1568"]
[BlackElo "1088"]

1. e4 h6 2. d4 a6 3. c4 g5 4. Nc3 Bg7 5. Be2 b6 6. Be3 Bb7 7. Bd3 e6 8. Nge2 c5
9. O-O d6 10. b3 e5 11. d5 a5 12. Ng3 f6 13. Qh5+ Ke7 14. Nf5+ Kf8 15. Qg6 Qe7
16. Nxe7 Nxe7 17. Qh5 Na6 18. a3 Nc7 19. g3 Ba6 20. f4 gxf4 21. gxf4 Kg8 22. Kh1
Kh7 23. fxe5 fxe5 24. Rf7 Rae8 25. Qxh6+ Kg8 26. Qxg7# 1-0

[Event "AUTO-OPEN-1044"]
[Site "http://www.queenalice.com/game.php?id=366150"]
[Date "2008.3.5"]
[Round "1"]
[White "LeopoldStotch"]
[Black "prlc"]
[Result "0-1"]
[WhiteElo "1096"]
[BlackElo "1506"]

1. a3 d5 2. h3 e5 3. g4 Nc6 4. Bg2 Be6 5. b4 a6 6. Bb2 Bd6 7. d3 Nge7 8. e3 O-O
9. d4 e4 10. c3 b5 11. Ne2 g5 12. Nd2 f5 13. f3 fxg4 14. hxg4 Ng6 15. f4 gxf4
16. Nxf4 Nxf4 17. exf4 Bxf4 18. g5 Bxg5 19. Bh3 Bxh3 20. Rxh3 Qf6 21. a4 Qf2#
0-1

[Event "Challenge"]
[Site "http://www.queenalice.com/game.php?id=366915"]
[Date "2008.3.7"]
[Round "-"]
[White "snyps"]
[Black "prlc"]
[Result "1-0"]
[WhiteElo "1607"]
[BlackElo "1563"]

1. e4 c6 2. Nc3 d5 3. Nf3 dxe4 4. Nxe4 Bf5 5. Nc3 Nf6 6. Bc4 e6 7. Ne5 Nbd7 8.
Nxd7 Qxd7 9. d3 Bb4 10. Bd2 O-O 11. Ne2 Bxd2+ 12. Qxd2 Rad8 13. Ng3 Bg6 14. Qe3
Qc7 15. Qxa7 Qe5+ 16. Ne2 Qxb2 17. O-O b5 18. Bb3 Bxd3 19. Rab1 Qe5 20. cxd3
Qxe2 21. Qb6 Rxd3 22. Qxc6 Rd2 23. Rbd1 Rxd1 24. Rxd1 Ne4 25. Qb6 Nc3 26. Ra1
Rc8 27. Qa6 Rf8 28. Rc1 Rd8 29. h3 Ne4 30. Qb6 Rf8 31. Qd4 Qd2 32. Rd1 Qf4 33.
Re1 f5 34. Bxe6+ Kh8 35. f3 Qh4 36. Re2 h6 37. fxe4 fxe4 38. Rxe4 Qg3 39. Qc5
Qb8 40. Rb4 Re8 41. Rxb5 Qf4 42. Rb4 Qd2 43. Rb6 1-0

[Event "AUTO-INT-828"]
[Site "http://www.queenalice.com/game.php?id=369412"]
[Date "2008.3.11"]
[Round "1"]
[White "Toru"]
[Black "prlc"]
[Result "0-1"]
[WhiteElo "1683"]
[BlackElo "1568"]

1. Nf3 d5 2. e3 Nc6 3. Bb5 Bg4 4. h3 Bh5 5. d3 Nf6 6. g4 Bg6 7. Ne5 Qd6 8. f4 a6
9. Bxc6+ bxc6 10. Nc3 h6 11. Nxg6 fxg6 12. Qf3 Rb8 13. b3 e6 14. Bb2 Be7 15. Rg1
h5 16. g5 Nh7 17. e4 O-O 18. Ne2 Nxg5 19. e5 Nxf3+ 20. Kf2 Qd8 21. Kxf3 c5 22.
Rxg6 Qd7 23. Rag1 Rf7 24. Ng3 d4 25. Nxh5 Kh7 26. Rxg7+ Rxg7 27. Rxg7+ Kh6 28.
Nf6 Qc6+ 0-1

[Event "AUTO-INT-828"]
[Site "http://www.queenalice.com/game.php?id=369413"]
[Date "2008.3.11"]
[Round "1"]
[White "prlc"]
[Black "Toru"]
[Result "1-0"]
[WhiteElo "1506"]
[BlackElo "1665"]

1. e4 c5 2. Nf3 d6 3. d4 cxd4 4. Nxd4 Nf6 5. Nc3 a6 6. Bc4 b5 7. Bb3 Bb7 8. Nd5
Nbd7 9. f3 e6 10. Nxf6+ Nxf6 11. Bg5 Be7 12. O-O O-O 13. Qe2 h6 14. Rad1 hxg5
15. Kh1 e5 16. Nf5 Rc8 17. Qd2 Rc6 18. Qxg5 1-0

[Event "AUTO-INT-828"]
[Site "http://www.queenalice.com/game.php?id=369426"]
[Date "2008.3.11"]
[Round "1"]
[White "gomestrovao"]
[Black "prlc"]
[Result "1-0"]
[WhiteElo "1684"]
[BlackElo "1612"]

1. e4 c6 2. Nf3 d5 3. e5 Bf5 4. d4 e6 5. Bg5 Be7 6. Bxe7 Nxe7 7. Bd3 Bxd3 8.
Qxd3 O-O 9. Nc3 Nf5 10. O-O Nd7 11. h3 Qe7 12. a3 Rad8 13. b4 Nb6 14. Nb1 Nc4
15. Nbd2 Nxd2 16. Nxd2 b6 17. c3 c5 18. Rfb1 cxd4 19. cxd4 Rc8 20. Rc1 Rc7 21.
Nf3 Rfc8 22. Qd2 h6 23. Ne1 Rxc1 24. Rxc1 Rxc1 25. Qxc1 Nxd4 26. Qc4 Nf5 27. Nf3
Qd7 28. Qf4 Qc6 29. g4 Ne7 30. g5 hxg5 31. Nxg5 Ng6 32. Qxf7+ Kh8 33. Qxg6 Qc1+
34. Kg2 Kg8 35. Nxe6 Qh6 36. Qxh6 gxh6 37. f4 Kf7 38. f5 a6 39. Kf3 Ke7 40. Kg4
a5 41. b5 a4 42. Kh5 1-0

[Event "AUTO-INT-828"]
[Site "http://www.queenalice.com/game.php?id=369427"]
[Date "2008.3.11"]
[Round "1"]
[White "prlc"]
[Black "gomestrovao"]
[Result "0-1"]
[WhiteElo "1593"]
[BlackElo "1709"]

1. e4 e5 2. Nf3 Nc6 3. Bc4 h6 4. Nc3 Bc5 5. d3 d6 6. O-O Nf6 7. Nd5 Nxd5 8. Bxd5
Nd4 9. Nxd4 Bxd4 10. c3 Bb6 11. Qf3 O-O 12. Qg3 Qf6 13. Bd2 c6 14. Bb3 Be6 15.
Bxe6 Qxe6 16. Kh1 Qg6 17. Qxg6 fxg6 18. Rae1 Bxf2 19. Re2 Bb6 20. Rf3 Rxf3 21.
gxf3 Rf8 22. Kg2 g5 23. Be3 Bxe3 24. Rxe3 h5 25. Re1 Rf4 26. b4 Kh7 27. a4 g4
28. Re3 gxf3+ 29. Rxf3 Rxf3 30. Kxf3 Kg6 31. h4 Kf6 32. d4 g5 33. hxg5+ Kxg5 34.
dxe5 dxe5 35. c4 h4 36. b5 c5 37. a5 h3 38. Kg3 h2 39. Kxh2 Kf4 40. Kg2 Kxe4 41.
Kf2 Kd4 42. Ke2 Kxc4 0-1

[Event "AUTO-INT-828"]
[Site "http://www.queenalice.com/game.php?id=369434"]
[Date "2008.3.11"]
[Round "1"]
[White "josuejam"]
[Black "prlc"]
[Result "1-0"]
[WhiteElo "1749"]
[BlackElo "1545"]

1. e4 c6 2. Nc3 d5 3. d4 dxe4 4. Nxe4 Bf5 5. Nc3 Nf6 6. Nf3 h6 7. Bc4 e6 8. O-O
Bb4 9. Bd2 O-O 10. a3 Ba5 11. b4 Bb6 12. b5 Bxd4 13. bxc6 Nxc6 14. Rb1 b6 15.
Rc1 Qc7 16. Nxd4 Nxd4 17. Bb3 Nxb3 18. cxb3 Qb7 19. Nb5 Rac8 20. Nd6 Rxc1 21.
Qxc1 Qd5 22. Nxf5 Qxf5 23. h3 Rd8 24. Bb4 Qd3 25. Qc3 Qxc3 26. Bxc3 Nd5 27. Rd1
1-0

[Event "AUTO-INT-828"]
[Site "http://www.queenalice.com/game.php?id=369435"]
[Date "2008.3.11"]
[Round "1"]
[White "prlc"]
[Black "josuejam"]
[Result "0-1"]
[WhiteElo "1577"]
[BlackElo "1714"]

1. e4 e5 2. Nf3 Nc6 3. Bc4 Nf6 4. Nc3 Bc5 5. O-O O-O 6. d3 h6 7. Re1 d6 8. a3
Ng4 9. h3 Bxf2+ 10. Kf1 Bxe1 11. Qxe1 Nf6 12. Qg3 Kh8 13. Bd2 Re8 14. Bxf7 Rf8
15. Ba2 Nh5 16. Qg6 Qe8 17. Qxe8 Rxe8 18. Bf7 Ng3+ 19. Kf2 Rf8 20. Kxg3 Rxf7 21.
Rf1 Nd4 22. Rc1 c5 23. Nd5 Ne2+ 24. Kf2 Nxc1 25. Bxc1 Be6 26. Nc7 Rxc7 27. c4
Rf8 0-1

[Event "AUTO-OPEN-1051"]
[Site "http://www.queenalice.com/game.php?id=369517"]
[Date "2008.3.12"]
[Round "1"]
[White "Bebeto"]
[Black "prlc"]
[Result "1-0"]
[WhiteElo "2133"]
[BlackElo "1612"]

1. d4 Nf6 2. c4 g6 3. Nc3 Bg7 4. e4 d6 5. Be2 O-O 6. Nf3 b6 7. O-O c5 8. d5 Bg4
9. e5 dxe5 10. Nxe5 Bxe2 11. Qxe2 Nfd7 12. Bf4 Bxe5 13. Bxe5 Nxe5 14. Qxe5 Nd7
15. Qe2 Re8 16. Rad1 Nf6 17. Rfe1 Rb8 18. Rd3 a6 19. Re3 Rb7 20. a3 Qd6 21. b3
Kg7 22. Re5 Nd7 23. Rxe7 Rxe7 24. Qxe7 Qxe7 25. Rxe7 Kf6 26. d6 b5 27. cxb5 axb5
28. Nd5+ Kg7 29. Nc7 c4 30. Rxd7 Ra7 31. Ne8+ 1-0

[Event "AUTO-OPEN-1051"]
[Site "http://www.queenalice.com/game.php?id=369541"]
[Date "2008.3.12"]
[Round "1"]
[White "beginchess"]
[Black "prlc"]
[Result "1-0"]
[WhiteElo "1599"]
[BlackElo "1642"]

1. d4 Nf6 2. c4 g6 3. Nc3 Bg7 4. Nf3 O-O 5. e3 d5 6. Be2 Nc6 7. O-O Bg4 8. b3 e6
9. a3 a6 10. cxd5 exd5 11. h3 Bxf3 12. Bxf3 Re8 13. b4 b5 14. Qb3 Ne7 15. Ne2 c6
16. Bb2 Nd7 17. Rac1 Nb6 18. Ng3 Nc4 19. Bc3 Qd7 20. a4 Nf5 21. Bg4 h5 22. Nxf5
gxf5 23. Bxh5 Re6 24. Qc2 Rh6 25. Be2 Kh8 26. axb5 axb5 27. Bxc4 dxc4 28. f4 Qe6
29. Qf2 Qg6 30. Qf3 Ra6 31. Ra1 Rxa1 32. Rxa1 Kh7 33. Ra6 Bf8 34. d5 cxd5 35.
Rxg6 1-0

[Event "AUTO-OPEN-1051"]
[Site "http://www.queenalice.com/game.php?id=369542"]
[Date "2008.3.12"]
[Round "1"]
[White "prlc"]
[Black "beginchess"]
[Result "0-1"]
[WhiteElo "1582"]
[BlackElo "1527"]

1. e4 e5 2. Nf3 d6 3. Nc3 Nf6 4. Bc4 Be7 5. O-O Bg4 6. d3 O-O 7. Bg5 Nc6 8. h3
Bh5 9. a3 Nd4 10. g4 Nxg4 11. hxg4 Bxg4 12. Bxe7 Qxe7 13. Nd5 Qd8 14. Ne3 Bxf3
15. Qd2 Ne2+ 0-1

[Event "AUTO-OPEN-1051"]
[Site "http://www.queenalice.com/game.php?id=369555"]
[Date "2008.3.12"]
[Round "1"]
[White "Fudencio"]
[Black "prlc"]
[Result "1-0"]
[WhiteElo "2213"]
[BlackElo "1568"]

1. d4 Nf6 2. c4 g6 3. Nc3 Bg7 4. g3 e6 5. Nf3 O-O 6. e4 d6 7. Bf4 Nc6 8. Bg2 Re8
9. O-O Qd7 10. Bh3 Qe7 11. e5 dxe5 12. Nxe5 Nxe5 13. Bxe5 b6 14. Nb5 c5 15. Bg2
Bb7 16. Bxb7 Rad8 17. Bc6 Rf8 18. d5 exd5 19. Re1 Ne4 20. Bxg7 Kxg7 21. Bxd5
Rfe8 22. f3 1-0

[Event "AUTO-OPEN-1051"]
[Site "http://www.queenalice.com/game.php?id=369556"]
[Date "2008.3.12"]
[Round "1"]
[White "prlc"]
[Black "Fudencio"]
[Result "0-1"]
[WhiteElo "1506"]
[BlackElo "2209"]

1. e4 e5 2. Nf3 Nf6 3. Nxe5 d6 4. Nf3 Nxe4 5. d4 d5 6. Nbd2 Nc6 7. Bb5 Nxd2 8.
Bxd2 Qe7+ 9. Be3 Qb4+ 10. c3 Qxb5 11. b3 Ba3 12. Rb1 Bf5 13. Bf4 O-O 14. Bxc7
Bxb1 15. Qxb1 Rae8+ 16. Ne5 f6 0-1